000 00313pam a2200133a 44500
008 230405s2023 xxu||||| |||| 00| 0 eng d
041 _aENG
100 _aRohini Mudholkar
245 _aPolitical Theories
250 _a2019 Ed.
260 _aPUNE
_bHIND LAW HOUSE,
_c2023
300 _a1-1072p.
906 _a3771
999 _c274745
_d274745